| 000 | 02176nam0a2200337 4500 | ||
|---|---|---|---|
| 001 | RU\NLR\bibl\883980 | ||
| 005 | 20260408173132.0 | ||
| 010 |
_a5-85502-085-1 _9300 |
||
| 021 |
_aRU _b2005-70896 _93492 |
||
| 035 | _a(NLR Aleph) 000872531 | ||
| 090 |
_a1608491 _c1608491 |
||
| 100 | _a20051206d2005 u y0rusy50 ca | ||
| 101 | 0 | _arus | |
| 102 | _aRU | ||
| 105 | _aa ||||||||| | ||
| 200 | 1 |
_aУльтрасонографическая оценка состояния транспозированных яичников после лечения инвазивных форм рака шейки матки _eпособие для врачей _fМ-во здравоохранения и социал. развития Рос. Федерации, Федер. гос. учреждение Моск. науч.-исслед. онколог. ин-т им. П.А. Герцена Федер. агентства по здравоохранению и социальному развитию _g[Седых С.А. и др.] |
|
| 210 |
_aМосква _cФГУ МНИОИ им. П.А. Герцена _d2005 |
||
| 215 |
_a21 с. _cил. _d21 |
||
| 320 | _aБиблиогр.: с. 19-21 (35 назв.) | ||
| 606 | 1 |
_aЯичники _jМетодические пособия _xФункции после пересадки в брюшную полость _xУльтразвуковые исследования _92406980 _3RU\NLR\auth\661434397 |
|
| 606 |
_aРак (онкол.) шейки матки _xХирургическое лечение _jМетодические пособия _3RU\NLR\auth\66746732 _91681737 |
||
| 686 | _aР569.714.2 Рак-59я8 | ||
| 686 | _aР715.52-433.9я8 | ||
| 702 | 1 |
_4220 _8rus _7ca _aСедых _bС. А. _cд-р мед. наук _f1960-2010 _gСергей Анатольевич _3RU\NLR\auth\77106362 _989287 |
|
| 712 | 0 | 2 |
_4570 _aМосковский научно-исследовательский онкологический институт им. П. А. Герцена _3RU\NLR\AUTH\8810019294 _9536478 |
| 801 | 0 |
_aRU _bNLR _c20051206 _grcr |
|
| 801 | 1 |
_aRU _bNLR _c20051206 |
|
| 830 | _aсост. по кн. | ||
| 942 | _cBOOK | ||
| 980 | _aNB | ||